书目信息 |
| 题名: |
非暴力沟通
|
|
| 作者: | 卢森堡 著 ;刘畅 译 | |
| 分册: | 养育篇 | |
| 出版信息: | 北京 华夏出版社有限公司 2021.07 |
|
| 页数: | 126页 | |
| 开本: | 19cm | |
| 丛书名: | ||
| 单 册: | ||
| 中图分类: | C912.11 , G78 | |
| 科图分类: | ||
| 主题词: | 心理交往--通俗读物 , 家庭教育 | |
| 电子资源: | ||
| ISBN: | 978-7-5222-0070-5 | |
| 000 | 01064nam0 2200289 450 | |
| 001 | 012001002612 | |
| 005 | 20140202164800.0 | |
| 010 | @a978-7-5222-0070-5@dCNY49.00 | |
| 100 | @a20220905d2021 em y0chiy50 ea | |
| 101 | 1 | @achi@ceng |
| 102 | @aCN@b110000 | |
| 105 | @ay z 000yy | |
| 106 | @ar | |
| 200 | 1 | @a非暴力沟通@Afei bao li gou tong@i养育篇@d= Nonviolent communication@iRaising children compassionately@f(美)马歇尔·卢森堡(Marshall B. Rosenderg)著@g刘畅译@zeng |
| 210 | @a北京@c华夏出版社有限公司@d2021.07 | |
| 215 | @a126页@d19cm | |
| 300 | @a非暴力沟通系列 | |
| 304 | @a英文题名取自封面 | |
| 330 | @a本书内容包括:我自身的觉察;以家长身份接受的教育;强制和惩罚的局限;有一定品质的连接;奖励的局限;转变惯性的沟通方式;无条件的爱;让我们的孩子做好准备等。 | |
| 606 | 0 | @a心理交往@j通俗读物 |
| 606 | 0 | @a家庭教育 |
| 690 | @aC912.11@v5 | |
| 690 | @aG78@v5 | |
| 701 | 0 | @c(美)@a卢森堡@Alu sen bao@c(Rosenderg, Marshall B.)@4著 |
| 702 | 0 | @a刘畅@Aliu chang@4译 |
| 801 | 0 | @aCN@bAHXH@c20221111 |
| 905 | @b1368507-11@dC912.11@e1816@f5 | |
| 非暴力沟通.养育篇= Nonviolent communication.Raising children compassionately/(美)马歇尔·卢森堡(Marshall B. Rosenderg)著/刘畅译.-北京:华夏出版社有限公司,2021.07 |
| 126页;19cm |
| 非暴力沟通系列 |
| ISBN 978-7-5222-0070-5:CNY49.00 |
| 本书内容包括:我自身的觉察;以家长身份接受的教育;强制和惩罚的局限;有一定品质的连接;奖励的局限;转变惯性的沟通方式;无条件的爱;让我们的孩子做好准备等。 |
| ● |
| 相关链接 |
|
|
|
|
正题名:非暴力沟通
索取号:C912.11/1816
 
预约/预借
| 序号 | 登录号 | 条形码 | 馆藏地/架位号 | 状态 | 备注 |
| 1 | 1368507 | 213685074 | 第一样本阅览室/ [索取号:C912.11/1816] | 在馆 | |
| 2 | 1368508 | 213685083 | 教育系资料室/ [索取号:C912.11/1816] | 在馆 | |
| 3 | 1368509 | 213685092 | 教育系资料室/ [索取号:C912.11/1816] | 在馆 | |
| 4 | 1368510 | 213685109 | 第一借阅区/ [索取号:C912.11/1816] | 在馆 | |
| 5 | 1368511 | 213685118 | 第一借阅区/ [索取号:C912.11/1816] | 在馆 |